| 000 -LEADER |
| fixed length control field |
00612nam a22002057a 4500 |
| 008 - FIXED-LENGTH DATA ELEMENTS--GENERAL INFORMATION |
| fixed length control field |
150923b xxu||||| |||| 00| 0 eng d |
| 020 ## - INTERNATIONAL STANDARD BOOK NUMBER |
| International Standard Book Number |
9780273714767 |
| 041 0# - LANGUAGE CODE |
| Language code of text/sound track or separate title |
eng |
| 080 ## - UNIVERSAL DECIMAL CLASSIFICATION NUMBER |
| Universal Decimal Classification number |
657 |
| 100 1# - Rafti |
| Rafti |
Nobes, Christopher; |
| 245 10 - TITLE STATEMENT |
| Title |
Comparative international accounting / |
| Statement of responsibility, etc |
Christopher Nobes and Robert Parker. |
| 250 ## - |
| -- |
10th ed. |
| 260 ## - |
| -- |
Harlow, Essex, England ; |
| -- |
New York : |
| -- |
Prentice Hall/Financial Times, |
| -- |
2008. |
| 300 ## - |
| -- |
xxi, 603 f. : |
| -- |
me il.; |
| -- |
25 cm. |
| 650 0# - |
| -- |
Kontabilitet |
| 650 0# - |
| -- |
Bashkëkohor |
| 650 0# - |
| -- |
Ndërkombëtar |
| 700 1# - |
| -- |
Parker, R. H. |
| 942 ## - ADDED ENTRY ELEMENTS (KOHA) |
| Source of classification or shelving scheme |
|
| Item type |
Books |